| 000 | 00604cam a2200229 4500 | ||
|---|---|---|---|
| 008 | 090401t1990 xxu||||| |||| 00| 0 eng d | ||
| 020 | _a0333496450 | ||
| 035 | _a(Sirsi) u78007 | ||
| 041 | _aeng | ||
| 050 | _a711.52 | ||
| 100 | _aCouch, Chris | ||
| 245 | _aUrban renewal: theory and practice | ||
| 260 |
_aBasingstoke _bMacmillan Education Ltd _c1990 |
||
| 300 | _aviii, 187p. ; 24cm. | ||
| 350 | _a0 | ||
| 490 | _aMacmillan Building and Surveying Series | ||
| 650 | _aINNER CITY REDEVELOPMENT | ||
| 650 | _aURBAN RENEWAL | ||
| 690 | _aURBAN RENEWAL | ||
| 942 | _n0 | ||
| 948 | _c04/03/1997 | ||
| 999 |
_c96381 _d96381 |
||